Ligne 3a du Tramway Francilien - Statistiques

Statistiques générales
  • Ce quiz a été pris 114 fois
  • Le résultat moyen est 19 sur 25
Statistiques - réponses
n gares correspondances % Correct
1 Porte de Vincennes T 3bM 1
97%
16 Porte d'Orléans M 4
96%
14 Cité Universitaire RER B
93%
11 Porte d'Italie M 7
93%
9 Porte d'Ivry M 7
91%
24 Balard T 2M 8
90%
4 Porte Dorée M 8
90%
19 Porte de Vanves M 13
88%
5 Porte de Charenton M 8
85%
22 Porte de Versailles T 2M 12
85%
10 Porte de Choisy T 9M 7
84%
25 Pont du Garigliano RER C
79%
13 Stade Charléty
79%
7 Avenue de France RER CM 14
72%
15 Montsouris
69%
18 Didot
68%
12 Poterne des Peupliers
68%
8 Maryse Bastié
65%
2 Alexandra David-Néel
62%
20 Brancion
60%
3 Montempoivre
60%
21 Georges Brassens
59%
6 Baron Le Roy
57%
17 Jean Moulin
56%
23 Desnouettes
47%
Aucun quiz correspondant
Distribution des résultats
% des personnes avec chaque résultat
Percentile par nombre de réponses
Votre historique - résultats
Vous n’avez pas pris ce quiz